000 00771nam a22002657a 4500
001 BR7375855
003 BR-BrBNA
005 20230928084445.0
007 ta
008 230509b bl.||||| |||| 00| 0 por d
040 _aBR-BrBNA
_bpor
_cBiblioteca Nacional de Agricultura
041 _a(Spa)
072 _aE10; E50
_b/G514
090 _ E10 BR7375855
100 1 _aApote, V. D'
110 1 _aSuperintendencia do Desenvolvimento do Nordeste, Recife, PE (Brasil)
245 1 _aBases para una politica de reforma y colonizacion en el Nordeste del Brasil
260 3 _aRecife, PE (Brasil):
_c1970.
300 _a82 p.
650 _aREFORMA AGRARIA
650 _aCOLONIZACAO
650 _aREGIAO NORDESTE
909 _a202309
_bLucia
_c55
_dLucia Elande
942 _cBK
999 _c19075
_d19075